000 00305nam a2200121Ia 4500
008 191201s2011 xx 000 0 und d
100 _aYADAV, Atul
245 0 _aHaryana: Atihasik Dhorhar
260 _aN. Delhi
_bHaryana Granth Academy
_c2011
300 _a183
650 _aGeneral Books
942 _2ddc
_cBK
999 _c6721
_d6721